02214cam a22004094i 4500003000900000005001700009008004100026035002000067040003300087100004900120245014300169264001000312300002200322336002100344337002500365338002300390502005900413504002400472520102200496526001001518526001001528526000901538526000901547526000901556526000901565526000901574526000901583526000901592526000801601526000801609526000801617526000801625526000801633650005301641650007101694700003901765PE-LiUPU20250731165413.0151110s2015 pe grm 000 0 spa d a(Sirsi) a155130 aPE-LiUPUbspacPE-LiUPUerda1 aLópez Huamán, Eliana Esther Nilceeautor1 aReligiosidad y resiliencia en estudiantes de psicología de una universidad privada de Lima Este /cEliana Esther Nilce López Huamán. 0c2015. a119 hojas c30 cm atext2rdacontent aunmediated2rdamedia avolume2rdacarrier aTesisb(Lic.) -- cUniversidad Peruana Unión,d2015. aIncluye referencias3 aLa investigación tuvo como objetivo principal determinar si existe relación significativa entre la religiosidad y resiliencia en estudiantes de psicología de una Institución Privada de Lima Este. El estudio de corte transversal y de tipo correlacional contó con la población de 155 estudiantes de psicología de ambos sexos, con edades que oscilaron entre 18 y 30 años. Los instrumentos utilizados fueron la Escala de Religiosidad; y la Escala de Resiliencia (ER). Para la confirmación de las hipótesis se empleó la prueba de coeficiente de correlación de Pearson, la cual determinó una relación moderadamente significativa entre religiosidad y resiliencia, así como de sus respectivas dimensiones. Cabe resaltar que la dimensión de perseverancia tiene un nivel alto de correlación con la religiosidad y sus respectivas dimensiones. En tal sentido se concluye que el nivel de religiosidad contribuye de manera positiva en la formación de competencias para afrontar las adversidades. aSEG44 aSEG26 aP151 aP150 aP149 aP146 aP145 aP126 aP125 aP92 aP75 aP74 aP27 aP1504aReligiosidadxResiliencia (Psicología)vTesis.04aResiliencia Aspectos religiososEstudiantes universitariosvTesis.1 aGuevara Ccapa, Vasthi Paolaeautor